| 000 | 00634nam a2200205 u 4500 | ||
|---|---|---|---|
| 005 | 20240921063851.0 | ||
| 008 | 150223s2005 mx r 000 0 spa d | ||
| 020 | _a9709705091 | ||
| 035 | _aUPN01000201943 | ||
| 049 | _aI | ||
| 050 | 4 |
_aPZ76.3 _bC6.26 |
|
| 100 | 1 |
_aCousins, Lucy, _d1964- _936493 |
|
| 245 | 1 | 3 |
_aLa doctora Maisy / _cLucy Cousins ; il. King Rollo ; tr. de Ernestina Loyo. |
| 260 |
_aMéxico : _bAbrapalabra Editores, _c2005. |
||
| 300 |
_a20 p. : _bil. |
||
| 534 |
_pTítulo original : _tDoctor Maisy |
||
| 650 | 7 |
_aAnimales _vLiteratura infantil _2 _91061 |
|
| 650 | 2 |
_aArtes y oficios _92772 |
|
| 905 | _aInfantil | ||
| 999 |
_c174044 _d174044 |
||